[Event "Wch Seniors 50 31st"]
[Site "Terassini"]
[Date "2023.10.30"]
[Round "6"]
[White "Schnelzer, Reinhold"]
[Black "Nadanian, Ashot S"]
[Result "0-1"]
[WhiteElo "2174"]
[BlackElo "2279"]
[PlyCount "90"]
[EventDate "2023.10.25"]
[EventType "swiss"]
[EventRounds "11"]
[EventCountry "ITA"]
[SourceTitle "CBM 217 Extra"]
[Source "ChessBase"]
[SourceDate "2024.01.31"]
[SourceVersion "1"]
[SourceVersionDate "2024.01.31"]
[SourceQuality "1"]

1. d4 e6 2. c4 f5 3. Nf3 Nf6 4. g3 d5 5. Bg2 c6 6. 0-0 Bd6 7. b3 Qe7 8. Bb2 b6 9. Nbd2 Bb7 10. Ne5 0-0 11. Ndf3 a5 12. Qc2 Na6 13. cxd5 cxd5 14. Rfc1 Rfc8 15. Qd1 Nb4 16. a3 Na6 17. a4 Qe8 18. Rxc8 Rxc8 19. Rc1 Rxc1 20. Qxc1 b5 21. Qd1 Ne4 22. e3 bxa4 23. bxa4 Nb4 24. Bf1 Ba6 25. Bxa6 Nxa6 26. Nd3 Nb4 27. Nfe5 Qc8 28. Kg2 Nxd3 29. Nxd3 Qc4 30. Nc1 Bb4 31. Nd3 Bd6 32. Nc1 g6 33. Nd3 Nf6 34. Nc5 Kf7 35. Qd2 Bxc5 36. dxc5 Qxc5 37. Ba1 Nd7 38. Qb2 e5 39. Qb7 Ke6 40. Qa8 Qc1 41. Qg8+ Kd6 42. Qxh7 Qxa1 43. Qxg6+ Kc7 44. Qxf5 Qxa4 45. Qf7 Qc6 0-1

[Event "Wch Seniors 50 31st"]
[Site "Terassini"]
[Date "2023.10.27"]
[Round "3"]
[White "Cummings, David H"]
[Black "Schnelzer, Reinhold"]
[Result "1-0"]
[WhiteElo "2325"]
[BlackElo "2174"]
[PlyCount "76"]
[EventDate "2023.10.25"]
[EventType "swiss"]
[EventRounds "11"]
[EventCountry "ITA"]
[SourceTitle "CBM 217 Extra"]
[Source "ChessBase"]
[SourceDate "2024.01.31"]
[SourceVersion "1"]
[SourceVersionDate "2024.01.31"]
[SourceQuality "1"]

1. c4 c6 2. d4 d5 3. cxd5 cxd5 4. Bf4 Nc6 5. e3 Nf6 6. Nc3 Bf5 7. Nf3 e6 8. Qb3 Bb4 9. Ne5 0-0 10. Nxc6 Bxc3+ 11. Qxc3 bxc6 12. Qa3 a5 13. Be2 Qb6 14. 0-0 Rfc8 15. Rfc1 Nd7 16. Bd6 f6 17. Qc3 a4 18. h4 h6 19. a3 Ra7 20. Qb4 Raa8 21. Rc3 Qxb4 22. axb4 Nb6 23. Rac1 Nc4 24. Bxc4 dxc4 25. Rxc4 Be4 26. f3 Bd5 27. Rc5 Rd8 28. Bg3 f5 29. Re1 Ra6 30. Be5 Rd7 31. e4 Bb3 32. Rec1 Rb6 33. Rxc6 Rxb4 34. Rc8+ Kf7 35. h5 Ba2 36. Ra8 Rxb2 37. Rcc8 Rdb7 38. Rg8 R2b4 1-0

[Event "World Amateur-ch"]
[Site "Mellieha"]
[Date "2022.10.28"]
[Round "8"]
[White "Schnelzer, Reinhold"]
[Black "Hurtado Bahamonde, Rodrigo And"]
[Result "0-1"]
[WhiteElo "2178"]
[BlackElo "2111"]
[PlyCount "120"]
[EventDate "2022.10.21"]
[EventType "swiss"]
[EventRounds "9"]
[EventCountry "MLT"]
[SourceTitle "EXT 2024"]
[Source "ChessBase"]
[SourceDate "2023.10.10"]
[SourceVersion "1"]
[SourceVersionDate "2023.10.10"]
[SourceQuality "1"]

1. d4 d5 2. c4 c6 3. Nc3 Nf6 4. Nf3 e6 5. e3 Nbd7 6. Qc2 Be7 7. b3 0-0 8. Be2 Re8 9. 0-0 Bd6 10. Bb2 Qe7 11. Rfd1 dxc4 12. bxc4 e5 13. Rab1 e4 14. Nd2 Nf8 15. c5 Bc7 16. Ba3 Ng4 17. Nf1 Qh4 18. g3 Qf6 19. Bc4 Ng6 20. Nxe4 Rxe4 21. Qxe4 Qxf2+ 22. Kh1 Bf5 23. Qg2 Re8 24. Qxf2 Nxf2+ 25. Kg1 Nxd1 26. Rxd1 h5 27. Kf2 h4 28. Nd2 hxg3+ 29. hxg3 Bxg3+ 30. Kf3 Bc7 31. e4 Be6 32. Bb3 Nh4+ 33. Kf2 Bf4 34. Nf3 g5 35. Nxg5 Bxb3 36. Rg1 Bxg5 37. Rxg5+ Ng6 38. axb3 Rxe4 39. Bb2 Kf8 40. d5 cxd5 41. Rxd5 Ke7 42. Ba3 Ke8 43. Kf3 Re6 44. Bb2 Ne7 45. Rh5 Nc6 46. Rd5 Ke7 47. Rf5 Re1 48. Rd5 Rf1+ 49. Ke2 Rh1 50. Kd2 Rh2+ 51. Kc3 Rh3+ 52. Rd3 Rxd3+ 53. Kxd3 f5 54. Kc4 Ke6 55. b4 f4 56. Bc3 f3 57. Kd3 a6 58. Be1 Kd5 59. Ke3 Kc4 60. Kxf3 Nxb4 0-1

[Event "World Amateur-ch"]
[Site "Mellieha"]
[Date "2022.10.27"]
[Round "7"]
[White "Krzyzanowski, Patryk"]
[Black "Schnelzer, Reinhold"]
[Result "0-1"]
[WhiteElo "2097"]
[BlackElo "2178"]
[PlyCount "130"]
[EventDate "2022.10.21"]
[EventType "swiss"]
[EventRounds "9"]
[EventCountry "MLT"]
[SourceTitle "EXT 2024"]
[Source "ChessBase"]
[SourceDate "2023.10.10"]
[SourceVersion "1"]
[SourceVersionDate "2023.10.10"]
[SourceQuality "1"]

1. d4 d5 2. c4 c6 3. Nc3 Nf6 4. Nf3 a6 5. c5 Bf5 6. Bf4 Nbd7 7. h3 h6 8. Qa4 e6 9. e3 Be7 10. Be2 Ne4 11. Rc1 0-0 12. 0-0 Re8 13. Qb3 Ra7 14. Rfd1 Bf6 15. Nxe4 Bxe4 16. Bd6 Be7 17. Bg3 Bf6 18. Nd2 Bf5 19. Bf3 e5 20. e4 dxe4 21. Bxe4 Bxe4 22. Nxe4 exd4 23. Nd6 Re6 24. Nxb7 Qa8 25. Na5 Be7 26. Qb4 Bf6 27. Bd6 Qc8 28. Rd3 Ra8 29. Qa4 Qe8 30. Rf1 Rxd6 31. cxd6 Nc5 32. Qc2 Nxd3 33. Qxd3 c5 34. Qf5 Qb5 35. Qd5 Rf8 36. Nc6 c4 37. Qe4 Qxb2 38. d7 c3 39. Nxd4 Qd2 40. Nb3 Qxd7 41. Rc1 Qd6 42. g3 Rd8 43. h4 h5 44. Qc4 g6 45. Re1 Qb6 46. Qa4 Qb5 47. Qf4 Kg7 48. Qe4 Qd5 49. Qa4 Qd3 50. Nc5 Qd2 51. Rf1 c2 52. Ne4 c1Q 53. Nxd2 Qxd2 54. Qxa6 Qd5 55. a4 Ra8 56. Qb5 Qa2 57. Rd1 Qxa4 58. Qxa4 Rxa4 59. Rd2 Rb4 60. Kg2 Rb2 61. Rd3 Rc2 62. Rd1 Be7 63. Rd4 Rxf2+ 64. Kxf2 Bc5 65. Ke3 Kf6 0-1

[Event "World Amateur-ch"]
[Site "Mellieha"]
[Date "2022.10.26"]
[Round "6"]
[White "Schnelzer, Reinhold"]
[Black "Singh, Arvinder Preet"]
[Result "1/2-1/2"]
[WhiteElo "2178"]
[BlackElo "2022"]
[PlyCount "147"]
[EventDate "2022.10.21"]
[EventType "swiss"]
[EventRounds "9"]
[EventCountry "MLT"]
[SourceTitle "EXT 2024"]
[Source "ChessBase"]
[SourceDate "2023.10.10"]
[SourceVersion "1"]
[SourceVersionDate "2023.10.10"]
[SourceQuality "1"]

1. d4 g6 2. c4 f5 3. Nf3 Bg7 4. g3 Nf6 5. Bg2 d6 6. Nc3 0-0 7. 0-0 c6 8. Qc2 Na6 9. b3 Bd7 10. Bb2 Qe8 11. e4 Nb4 12. Qe2 fxe4 13. Nxe4 Nxe4 14. Qxe4 Bf5 15. Qe2 Bd3 16. Qe6+ Kh8 17. Rfd1 Bf5 18. Qe2 Qd7 19. a3 Na6 20. Ng5 h6 21. Ne4 d5 22. Nc3 Nc7 23. cxd5 cxd5 24. Rd2 Rae8 25. f4 Rf6 26. Re1 Rb6 27. Qd1 Bg4 28. Qc2 Bf5 29. Qd1 Bg4 30. Qc2 Rc8 31. Na4 Re6 32. Rc1 b6 33. Qd3 Bf5 34. Qf1 Rc6 35. Rxc6 Qxc6 36. Nc3 Qe6 37. Kf2 g5 38. Qe2 gxf4 39. gxf4 Qf7 40. Qe3 e6 41. Kg1 Rf8 42. Rf2 Bf6 43. Ne2 Rg8 44. Ng3 h5 45. Nxf5 exf5 46. Re2 Re8 47. Qd2 Rxe2 48. Qxe2 Qg7 49. Qxh5+ Kg8 50. Kf1 Bxd4 51. Bxd4 Qxd4 52. Qg5+ Kf7 53. Qxf5+ Ke7 54. Qe5+ Qxe5 55. fxe5 Ke6 56. Kf2 Kxe5 57. Ke3 Nb5 58. h4 Nxa3 59. h5 Nc2+ 60. Kd2 Nb4 61. h6 Kf6 62. Kc3 a5 63. Kd4 Kg6 64. Bxd5 Kxh6 65. Bg2 Nc2+ 66. Ke5 b5 67. Bc6 b4 68. Kd6 Nd4 69. Bd5 Kg5 70. Kc5 Ne2 71. Kb6 Nc3 72. Bc4 a4 73. bxa4 Nxa4+ 74. Kb5 1/2-1/2

[Event "Mittelfranken Landesliga Sued 2122"]
[Site "Mittelfranken"]
[Date "2022.05.29"]
[Round "9.4"]
[White "Schnelzer, Reinhold"]
[Black "Kramer, Colin"]
[Result "1/2-1/2"]
[WhiteElo "2111"]
[BlackElo "2068"]
[PlyCount "49"]
[EventDate "2021.10.24"]
[EventType "team-tourn"]
[EventRounds "9"]
[EventCountry "GER"]
[SourceTitle "EXT 2024"]
[Source "ChessBase"]
[SourceDate "2023.10.10"]
[SourceVersion "1"]
[SourceVersionDate "2023.10.10"]
[SourceQuality "1"]
[WhiteTeam "Haunstetten"]
[BlackTeam "Bayern Muenchen III"]
[WhiteTeamCountry "GER"]
[BlackTeamCountry "GER"]

1. d4 e6 2. c4 Nf6 3. Nf3 b6 4. g3 Bb7 5. Bg2 Bb4+ 6. Bd2 Qe7 7. 0-0 0-0 8. a3 Bxd2 9. Qxd2 d5 10. cxd5 Bxd5 11. Nc3 Bb7 12. Rac1 Rd8 13. Qf4 Na6 14. b4 c6 15. Ne5 Rac8 16. Rfd1 Nd5 17. Nxd5 cxd5 18. Qe3 Nb8 19. b5 Nd7 20. Nxd7 Qxd7 21. Qb3 Rc7 22. e3 Rdc8 23. Qb2 g6 24. Bf1 Qe7 25. Be2 1/2-1/2

[Event "Rottach Egern Seniors Cup 10th"]
[Site "Rottach Egern"]
[Date "2022.03.29"]
[Round "4"]
[White "Haserodt, Jan"]
[Black "Schnelzer, Reinhold"]
[Result "0-1"]
[WhiteElo "2004"]
[BlackElo "2144"]
[PlyCount "124"]
[EventDate "2022.03.26"]
[EventType "swiss"]
[EventRounds "9"]
[EventCountry "GER"]
[SourceTitle "CBM 207 Extra"]
[Source "ChessBase"]
[SourceDate "2022.05.31"]
[SourceVersion "1"]
[SourceVersionDate "2022.05.31"]
[SourceQuality "1"]

1. d4 d5 2. Nf3 Nf6 3. g3 c6 4. Bg2 e6 5. 0-0 Be7 6. Nbd2 0-0 7. c4 Nbd7 8. Qc2 b6 9. e4 Bb7 10. b3 Rc8 11. Bb2 c5 12. e5 Ne8 13. Rfd1 Nc7 14. Rac1 b5 15. dxc5 bxc4 16. bxc4 Nxc5 17. cxd5 Nxd5 18. Nc4 Qd7 19. Ba3 Rc7 20. Ne3 Rfc8 21. Qb1 h6 22. Ne1 Na4 23. Bxd5 Rxc1 24. Rxc1 Bxa3 25. Rxc8+ Bxc8 26. Bf3 Nb6 27. Qd3 Qa4 28. N1c2 Be7 29. Nd4 Bd7 30. Bd1 Qxa2 31. Bc2 Qa1+ 32. Kg2 Kf8 33. f4 Bc5 34. Nb3 Qa3 35. Nc4 Qb4 36. Nxb6 Bc6+ 37. Kh3 Bxb6 38. f5 h5 39. Qe2 Qc3 40. fxe6 fxe6 41. Qf1+ Ke7 42. Bg6 Qxe5 43. Qf7+ Kd8 44. Nd2 Qb2 45. Qf4 Qd4 46. Qf8+ Kc7 47. Qf7+ Kb8 48. Qf8+ Kb7 49. Qe7+ Bc7 50. Qg5 Bd8 51. Nb3 Qd5 52. Qxd5 Bxd5 53. Nc5+ Kc6 54. Nd3 a5 55. Bxh5 Kb6 56. Bd1 Bf6 57. Kg4 Kb5 58. Kf4 a4 59. g4 a3 60. Nc1 a2 61. Nxa2 Bxa2 62. Bc2 g5+ 0-1

[Event "Arco op 43rd"]
[Site "Arco"]
[Date "2021.10.17"]
[Round "9"]
[White "Favaloro, Andrea"]
[Black "Schnelzer, Reinhold"]
[Result "1-0"]
[WhiteElo "2388"]
[BlackElo "2161"]
[PlyCount "79"]
[EventDate "2021.10.09"]
[EventType "swiss"]
[EventRounds "9"]
[EventCountry "ITA"]
[SourceTitle "CBM 204 Extra"]
[Source "ChessBase"]
[SourceDate "2021.11.30"]
[SourceVersion "1"]
[SourceVersionDate "2021.11.30"]
[SourceQuality "1"]

1. Nf3 Nf6 2. c4 c6 3. Nc3 d5 4. d4 a6 5. a4 Bf5 6. Qb3 Ra7 7. a5 e6 8. Qb6 Qxb6 9. axb6 Ra8 10. c5 Nbd7 11. Bf4 Ne4 12. e3 Be7 13. Bc7 Bd8 14. Bxd8 Kxd8 15. Nxe4 Bxe4 16. Nd2 Nf6 17. Nb3 Kd7 18. Na5 Kc8 19. b4 Nd7 20. f3 Bg6 21. Kf2 Re8 22. Be2 h6 23. Ra3 Re7 24. Rha1 Re8 25. Bf1 Bh7 26. Ke1 Bg6 27. Kd2 Bh7 28. Bxa6 Rxa6 29. Nxb7 Rxa3 30. Nd6+ Kd8 31. Rxa3 Rf8 32. Ra7 Ke7 33. Rc7 f6 34. Nc8+ Kd8 35. Na7 Nb8 36. Rxg7 Bb1 37. Rb7 Nd7 38. Nxc6+ Ke8 39. Rc7 e5 40. b7 1-0

[Event "Arco op 43rd"]
[Site "Arco"]
[Date "2021.10.16"]
[Round "8"]
[White "Schnelzer, Reinhold"]
[Black "Boder, Jan"]
[Result "1/2-1/2"]
[WhiteElo "2161"]
[BlackElo "2130"]
[PlyCount "57"]
[EventDate "2021.10.09"]
[EventType "swiss"]
[EventRounds "9"]
[EventCountry "ITA"]
[SourceTitle "CBM 204 Extra"]
[Source "ChessBase"]
[SourceDate "2021.11.30"]
[SourceVersion "1"]
[SourceVersionDate "2021.11.30"]
[SourceQuality "1"]

1. Nf3 c5 2. c4 Nf6 3. Nc3 g6 4. d4 cxd4 5. Nxd4 d5 6. Bg5 Bg7 7. Bxf6 Bxf6 8. Nxd5 Be5 9. e3 Nc6 10. Be2 0-0 11. 0-0 Qd6 12. h3 Nxd4 13. exd4 Bg7 14. Bf3 Rb8 15. Rc1 Be6 16. Re1 Bxd5 17. cxd5 Rfc8 18. Qd2 Rxc1 19. Rxc1 Qb6 20. Rc4 Rd8 21. b3 Bf6 22. g3 h5 23. h4 Kg7 24. Kg2 Qd6 25. Qa5 Rd7 26. Qc5 b6 27. Qc6 Rd8 28. Qxd6 exd6 29. a4 1/2-1/2

[Event "Arco op 43rd"]
[Site "Arco"]
[Date "2021.10.11"]
[Round "3"]
[White "Schnelzer, Reinhold"]
[Black "Cluyts, Marc"]
[Result "0-1"]
[WhiteElo "2161"]
[BlackElo "1959"]
[PlyCount "88"]
[EventDate "2021.10.09"]
[EventType "swiss"]
[EventRounds "9"]
[EventCountry "ITA"]
[SourceTitle "CBM 204 Extra"]
[Source "ChessBase"]
[SourceDate "2021.11.30"]
[SourceVersion "1"]
[SourceVersionDate "2021.11.30"]
[SourceQuality "1"]

1. d4 Nf6 2. c4 e5 3. dxe5 Ng4 4. e3 Nxe5 5. Nh3 Bb4+ 6. Bd2 Bxd2+ 7. Qxd2 d6 8. Nf4 0-0 9. Be2 Nbd7 10. Nc3 Nf6 11. 0-0 Bf5 12. Rad1 Re8 13. Nfd5 Re6 14. Nf4 Re8 15. Kh1 Ne4 16. Nxe4 Bxe4 17. Qc3 b6 18. f3 Bf5 19. Nh5 Bg6 20. Nf4 Bf5 21. Kg1 a5 22. Rd2 Qd7 23. Bd1 Qc6 24. Bc2 Bxc2 25. Rxc2 Nd7 26. Kf2 Re5 27. Nd5 Rae8 28. Qd4 Nc5 29. Rc3 Na4 30. Rc2 Nc5 31. Rd1 Ne6 32. Qd2 Qc5 33. b3 c6 34. Nc3 Nf4 35. Re1 Rg5 36. g3 Nh3+ 37. Kg2 Qf5 38. Rcc1 Rg6 39. f4 Qh5 40. Qe2 Nxf4+ 41. exf4 Rxe2+ 42. Rxe2 Re6 43. Rce1 Rxe2+ 44. Rxe2 Kf8 0-1

[Event "Landesliga Sued 1920"]
[Site "Bayern"]
[Date "2020.09.20"]
[Round "9.3"]
[White "Schelle, Artur"]
[Black "Schnelzer, Reinhold"]
[Result "1-0"]
[WhiteElo "2121"]
[BlackElo "2168"]
[PlyCount "79"]
[EventDate "2019.09.29"]
[EventType "team-tourn"]
[EventRounds "9"]
[EventCountry "GER"]
[SourceTitle "EXT 2022"]
[Source "ChessBase"]
[SourceDate "2021.10.06"]
[SourceVersion "1"]
[SourceVersionDate "2021.10.06"]
[SourceQuality "1"]
[WhiteTeam "Muenchen Tarrasch"]
[BlackTeam "Haunstetten"]
[WhiteTeamCountry "GER"]
[BlackTeamCountry "GER"]

1. d4 d5 2. Bf4 Nf6 3. e3 c5 4. Nf3 Nc6 5. Nbd2 cxd4 6. exd4 Bf5 7. c3 e6 8. Qb3 Qc8 9. Nh4 Bg6 10. Nxg6 hxg6 11. Bd3 Qd7 12. Nf3 Bd6 13. Bxd6 Qxd6 14. a4 0-0 15. 0-0 Nd7 16. Rad1 Rac8 17. Rfe1 Na5 18. Qc2 Qf4 19. Qe2 Nc6 20. g3 Qf6 21. h4 Rfe8 22. Ne5 Ndxe5 23. dxe5 Qe7 24. Bb1 Red8 25. b4 d4 26. b5 Na5 27. cxd4 Nb3 28. d5 Rxd5 29. Rxd5 exd5 30. h5 g5 31. Qd3 Qb4 32. Rd1 Kf8 33. Ba2 Nc1 34. Qxd5 Nxa2 35. Qxa2 Qc4 36. Qa3+ Kg8 37. Qf3 Qe6 38. Qxb7 Rc4 39. Rd8+ Kh7 40. Qa8 1-0

[Event "Bodensee op"]
[Site "Bregenz"]
[Date "2019.05.31"]
[Round "7"]
[White "Schnelzer, Reinhold"]
[Black "Baenziger, Fabian"]
[Result "1/2-1/2"]
[WhiteElo "2202"]
[BlackElo "2347"]
[PlyCount "50"]
[EventDate "2019.05.25"]
[EventType "swiss"]
[EventRounds "9"]
[EventCountry "AUT"]
[SourceTitle "CBM 190 Extra"]
[Source "ChessBase"]
[SourceDate "2019.07.15"]
[SourceVersion "1"]
[SourceVersionDate "2019.07.15"]
[SourceQuality "1"]

1. d4 Nf6 2. c4 g6 3. Nf3 Bg7 4. Nc3 0-0 5. g3 d5 6. cxd5 Nxd5 7. Bg2 Nb6 8. 0-0 Nc6 9. e3 Re8 10. b3 e5 11. Nxe5 Nxe5 12. dxe5 Qxd1 13. Nxd1 Bxe5 14. Bb2 Bxb2 15. Nxb2 a5 16. Nd3 c6 17. Nc5 a4 18. Rfd1 Re5 19. Rac1 axb3 20. axb3 Ra2 21. h4 Kg7 22. e4 Re7 23. Ra1 Rb2 24. Rab1 Rxb1 25. Rxb1 Nd7 1/2-1/2

[Event "EU-ch Seniors 50 19th"]
[Site "Rhodes"]
[Date "2019.04.14"]
[Round "9"]
[White "Schnelzer, Reinhold"]
[Black "Grant, Jonathan"]
[Result "1-0"]
[WhiteElo "2178"]
[BlackElo "2226"]
[PlyCount "109"]
[EventDate "2019.04.06"]
[EventType "swiss"]
[EventRounds "9"]
[EventCountry "GRE"]
[SourceTitle "CBM 189 Extra"]
[Source "ChessBase"]
[SourceDate "2019.05.31"]
[SourceVersion "1"]
[SourceVersionDate "2019.05.31"]
[SourceQuality "1"]

1. d4 Nf6 2. c4 e6 3. Nf3 Bb4+ 4. Nbd2 a5 5. a3 Bxd2+ 6. Bxd2 0-0 7. Bg5 d6 8. e3 Nc6 9. Be2 Qe7 10. 0-0 h6 11. Bh4 e5 12. Rc1 Re8 13. d5 Nb8 14. b4 Na6 15. Qb3 axb4 16. axb4 c5 17. dxc6 bxc6 18. b5 Nc5 19. Qc2 Bb7 20. Ra1 Qe6 21. Qb2 Nfd7 22. Nd2 f5 23. f3 cxb5 24. cxb5 Bd5 25. Rxa8 Rxa8 26. Ra1 Rb8 27. Bf1 Nb6 28. Qb4 g5 29. Bg3 Qc8 30. Ra7 Rb7 31. Qa5 Rxa7 32. Qxa7 Qb7 33. Qa3 Qc7 34. Qb4 Ncd7 35. e4 fxe4 36. Nxe4 Nc5 37. Nf6+ Kf8 38. Qb1 Qf7 39. Nxd5 Qxd5 40. Qh7 Qe6 41. Qc7 Ncd7 42. h4 gxh4 43. Bxh4 d5 44. Bd3 Kg7 45. Bf2 d4 46. Bg3 Kf7 47. Be4 Kf6 48. f4 exf4 49. Qxf4+ Kg7 50. Bf2 Qc4 51. Qf5 Qc1+ 52. Kh2 Qc7+ 53. Bg3 Qc5 54. Qg6+ Kf8 55. Bd6+ 1-0

[Event "EU-ch Seniors 50 19th"]
[Site "Rhodes"]
[Date "2019.04.13"]
[Round "8"]
[White "Schnelzer, Reinhold"]
[Black "Gertsyk, Nikolai"]
[Result "1-0"]
[WhiteElo "2178"]
[BlackElo "2334"]
[PlyCount "117"]
[EventDate "2019.04.06"]
[EventType "swiss"]
[EventRounds "9"]
[EventCountry "GRE"]
[SourceTitle "CBM 189 Extra"]
[Source "ChessBase"]
[SourceDate "2019.05.31"]
[SourceVersion "1"]
[SourceVersionDate "2019.05.31"]
[SourceQuality "1"]

1. d4 Nf6 2. c4 c5 3. Nf3 cxd4 4. Nxd4 b6 5. f3 Bb7 6. e4 d6 7. Nc3 e6 8. Be2 a6 9. 0-0 Nbd7 10. Be3 Be7 11. Qd2 0-0 12. Rfd1 Qc7 13. Rac1 Rac8 14. Bf1 Qb8 15. Kh1 Bd8 16. b3 Bc7 17. Nde2 Rfe8 18. Bf4 Ne5 19. Bg5 Ned7 20. Bf4 Ne5 21. Bg5 Ned7 22. Ng3 d5 23. cxd5 exd5 24. Nxd5 Nxd5 25. exd5 Bxg3 26. hxg3 Qxg3 27. d6 h6 28. Bf4 Qh4+ 29. Kg1 Rc5 30. Rxc5 Nxc5 31. b4 Ne6 32. Bh2 Rd8 33. a3 b5 34. Qe3 Rd7 35. Bd3 Qh5 36. Rc1 g6 37. Bg3 Qg5 38. Qxg5 Nxg5 39. Re1 Kg7 40. Re8 f6 41. Bc2 Bd5 42. Rb8 f5 43. Rb6 Kf6 44. Rxa6 Nf7 45. a4 g5 46. Bd3 f4 47. Bxb5 Rxd6 48. Bf2 Rxa6 49. Bxa6 Ke6 50. Bc8+ Kd6 51. a5 Kc7 52. Ba6 Nd6 53. b5 Nc4 54. b6+ Kc6 55. b7 Kc7 56. Ba7 Bxb7 57. Bxc4 Kd6 58. Bf7 Ke5 59. Bh5 1-0

[Event "EU-ch Seniors 50 19th"]
[Site "Rhodes"]
[Date "2019.04.10"]
[Round "5"]
[White "Lewis, Andrew P"]
[Black "Schnelzer, Reinhold"]
[Result "1/2-1/2"]
[WhiteElo "2347"]
[BlackElo "2178"]
[PlyCount "58"]
[EventDate "2019.04.06"]
[EventType "swiss"]
[EventRounds "9"]
[EventCountry "GRE"]
[SourceTitle "CBM 189 Extra"]
[Source "ChessBase"]
[SourceDate "2019.05.31"]
[SourceVersion "1"]
[SourceVersionDate "2019.05.31"]
[SourceQuality "1"]

1. c4 c6 2. Nf3 d5 3. d4 Nf6 4. Nc3 a6 5. c5 Bf5 6. Qb3 Ra7 7. Bf4 h6 8. e3 Nbd7 9. Be2 e6 10. 0-0 Be7 11. Rfc1 0-0 12. Qd1 Ne4 13. Nxe4 Bxe4 14. b4 Bxf3 15. Bxf3 Bf6 16. Bd6 Re8 17. a4 e5 18. b5 axb5 19. axb5 Rxa1 20. Rxa1 exd4 21. exd4 Nf8 22. Ra7 Qc8 23. h3 Ne6 24. bxc6 Qxc6 25. Qb3 Nxd4 26. Qxd5 Nxf3+ 27. Qxf3 Re1+ 28. Kh2 Qxf3 29. gxf3 Rb1 1/2-1/2

[Event "Landesliga Sued 1819"]
[Site "Bayern"]
[Date "2019.01.20"]
[Round "5.3"]
[White "Egle, Martin"]
[Black "Schnelzer, Reinhold"]
[Result "0-1"]
[WhiteElo "2104"]
[BlackElo "2205"]
[PlyCount "112"]
[EventDate "2018.10.21"]
[EventType "team-tourn"]
[EventRounds "9"]
[EventCountry "GER"]
[SourceTitle "EXT 2022"]
[Source "ChessBase"]
[SourceDate "2021.10.06"]
[SourceVersion "1"]
[SourceVersionDate "2021.10.06"]
[SourceQuality "1"]
[WhiteTeam "Freising SK"]
[BlackTeam "Haunstetten TSV"]
[WhiteTeamCountry "GER"]
[BlackTeamCountry "GER"]

1. e4 d5 2. exd5 Qxd5 3. Nc3 Qd6 4. d4 Nf6 5. Nf3 c6 6. g3 Bf5 7. Bg2 h6 8. 0-0 e6 9. Ne5 Be7 10. Bf4 Qd8 11. Qe2 0-0 12. Rfd1 Nbd7 13. Nc4 Nb6 14. Ne3 Bg6 15. Bf3 Nbd5 16. Nexd5 exd5 17. a3 Re8 18. Qd2 Qd7 19. Bg2 Qf5 20. Rac1 Bf8 21. h3 Rad8 22. g4 Qd7 23. f3 Bd6 24. Bxd6 Qxd6 25. Re1 Qg3 26. Ne2 Qh4 27. c3 Nh7 28. Nf4 Qg5 29. Rxe8+ Rxe8 30. Rd1 Nf8 31. Bf1 Bh7 32. Bd3 f5 33. Kf1 fxg4 34. hxg4 Qh4 35. Kg2 Qg5 36. Nh3 Qxd2+ 37. Rxd2 Bxd3 38. Rxd3 Re2+ 39. Kg3 Rxb2 40. Re3 Kf7 41. Nf4 Ra2 42. c4 dxc4 43. d5 cxd5 44. Nxd5 Ne6 45. f4 Rd2 46. Re5 Rd3+ 47. Kf2 c3 48. f5 Nc5 49. Nf4 b6 50. Re2 Rd4 51. Kf3 Rc4 52. Rc2 b5 53. Ng6 Kf6 54. Nf4 Na4 55. Ke3 a5 56. Nh5+ Kf7 0-1

[Event "Bayern-ch 89th"]
[Site "Bad Kissingen"]
[Date "2018.08.30"]
[Round "7"]
[White "Schnelzer, Reinhold"]
[Black "Seuffert, Gabriel"]
[Result "1-0"]
[WhiteElo "2182"]
[BlackElo "2314"]
[PlyCount "69"]
[EventDate "2018.08.26"]
[EventType "swiss"]
[EventRounds "9"]
[EventCountry "GER"]
[SourceTitle "CBM 189 Extra"]
[Source "ChessBase"]
[SourceDate "2019.05.31"]
[SourceVersion "1"]
[SourceVersionDate "2019.05.31"]
[SourceQuality "1"]

1. d4 c5 2. Nf3 cxd4 3. Nxd4 e5 4. Nb3 d5 5. g3 Be6 6. Bg2 Nc6 7. 0-0 h6 8. Nc3 Nf6 9. e4 d4 10. Ne2 a5 11. Bd2 Bd6 12. Nbc1 g5 13. Nd3 Nd7 14. c3 Nc5 15. Nxc5 Bxc5 16. cxd4 Nxd4 17. Nxd4 Bxd4 18. Qe2 Qb6 19. Be3 0-0 20. Bxd4 exd4 21. Rfd1 Rad8 22. Rd2 d3 23. Qd1 Qd4 24. Rc1 Bxa2 25. b3 Rd6 26. Rxa2 d2 27. Rc4 Qf6 28. Rxd2 Rfd8 29. Rd5 Rxd5 30. exd5 Qb6 31. h4 Rd6 32. hxg5 hxg5 33. Rc8+ Rd8 34. Rxd8+ Qxd8 35. d6 1-0

[Event "Bayern-ch 89th"]
[Site "Bad Kissingen"]
[Date "2018.08.29"]
[Round "5"]
[White "Schnelzer, Reinhold"]
[Black "Schatz, Christian"]
[Result "1/2-1/2"]
[WhiteElo "2182"]
[BlackElo "2171"]
[PlyCount "129"]
[EventDate "2018.08.26"]
[EventType "swiss"]
[EventRounds "9"]
[EventCountry "GER"]
[SourceTitle "CBM 189 Extra"]
[Source "ChessBase"]
[SourceDate "2019.05.31"]
[SourceVersion "1"]
[SourceVersionDate "2019.05.31"]
[SourceQuality "1"]

1. d4 Nf6 2. c4 c5 3. Nf3 cxd4 4. Nxd4 b6 5. Nc3 Bb7 6. f3 a6 7. e4 d6 8. Be3 Nbd7 9. Be2 e6 10. 0-0 Be7 11. Rc1 0-0 12. Qd2 Qc7 13. Rfd1 Rac8 14. Bf1 Qb8 15. Kh1 Rfe8 16. b3 Bd8 17. Nde2 Bc7 18. Bf4 Ne5 19. Ng3 h6 20. Qf2 Ng6 21. Be3 Bc6 22. Bd4 Bd8 23. a4 Nf4 24. Qd2 N6h5 25. Nxh5 Nxh5 26. Qf2 Nf4 27. Rc2 Ng6 28. Be3 Bh4 29. Qd2 Be7 30. Kg1 Red8 31. Qf2 Rd7 32. Kh1 Rb7 33. Rcd2 Rd8 34. b4 Bf6 35. Bd4 Bg5 36. Rc2 a5 37. b5 Be8 38. g3 Be7 39. f4 Qc7 40. Rcd2 Rbb8 41. h4 Nf8 42. Qf3 Nd7 43. Rf2 Bf6 44. Bxf6 Nxf6 45. g4 Qc5 46. Rfd2 h5 47. gxh5 Rd7 48. h6 gxh6 49. f5 Qe5 50. Bh3 Rc8 51. Rg2+ Kf8 52. fxe6 fxe6 53. Rf1 Rf7 54. Qe3 Rxc4 55. Rf3 Nxe4 56. Qxh6+ Ke7 57. Rxf7+ Bxf7 58. Nxe4 Rxe4 59. Rf2 Re1+ 60. Bf1 Qe4+ 61. Kh2 Qg6 62. Qd2 Re4 63. Qc3 Rxh4+ 64. Bh3 Rxh3+ 65. Kxh3 1/2-1/2

[Event "Bayern-ch 89th"]
[Site "Bad Kissingen"]
[Date "2018.08.28"]
[Round "3"]
[White "Miller, Eduard"]
[Black "Schnelzer, Reinhold"]
[Result "1-0"]
[WhiteElo "2309"]
[BlackElo "2182"]
[PlyCount "67"]
[EventDate "2018.08.26"]
[EventType "swiss"]
[EventRounds "9"]
[EventCountry "GER"]
[SourceTitle "CBM 189 Extra"]
[Source "ChessBase"]
[SourceDate "2019.05.31"]
[SourceVersion "1"]
[SourceVersionDate "2019.05.31"]
[SourceQuality "1"]

1. Nf3 d5 2. g3 Nf6 3. Bg2 c6 4. 0-0 Bg4 5. d4 Nbd7 6. c4 e6 7. cxd5 exd5 8. Nc3 Bd6 9. Ne1 Bf5 10. f3 Qe7 11. Nd3 Bxd3 12. Qxd3 0-0 13. e4 Bb4 14. e5 Ne8 15. f4 Bxc3 16. bxc3 f5 17. a4 Qe6 18. g4 g6 19. gxf5 gxf5 20. Kh1 Rf7 21. Bh3 Nf8 22. Rg1+ Ng6 23. Rg5 Ng7 24. Bd2 Kf8 25. Rag1 Ke7 26. Bf1 Rg8 27. Qh3 Qc8 28. Bd3 Rh8 29. c4 Ke6 30. cxd5+ cxd5 31. Bb4 a6 32. Qh6 Qd8 33. Rxg6+ hxg6 34. Qxg6+ 1-0